| 000 | 00874naa a22002657a 4500 | ||
|---|---|---|---|
| 001 | BR9601898 | ||
| 003 | BR-BrBNA | ||
| 005 | 20240918181459.0 | ||
| 007 | ta | ||
| 008 | 230509b bl.||||| |||| 00| 0 por d | ||
| 040 |
_aBR-BrBNA _bpor _cBiblioteca Nacional de Agricultura |
||
| 041 | _a(Pt) | ||
| 072 |
_aF06 _b1120 |
||
| 090 | _aF06 BR9601898 | ||
| 100 | 1 | _aSoares, J.M. | |
| 100 | 1 | _aCosta, F.F. da | |
| 245 | 1 | _aIrrigacao | |
| 260 | 3 |
_aBrasilia, DF (Brasil): _c1995. |
|
| 500 | _aInformacoes tecnicas sobre a cultura da manga no semi-arido brasileiro Brasilia, DF (Brasil): 1995. p. 43-80 (BR9601898-AM)F06 | ||
| 650 | _aManga | ||
| 650 | _aIrrigacao | ||
| 773 | 0 |
_tInformacoes tecnicas sobre a cultura da manga no semi-arido brasileiro _wF06 BR9601898 _gBrasilia, DF (Brasil), 1995. p. 43-80 |
|
| 909 |
_a202404 _bLucia _c55 _dLucia Elande |
||
| 942 |
_cAM _2AGRIS |
||
| 999 |
_c325421 _d325421 |
||